000 00717nam a2200241 a 4500
001
003 OSt
005 20201012131813.0
008 130909s1996 dr 000 0 spa d
040 _aDO-SdBNP
_bspa
_cDO-SdBNP
082 _a005.43
_bP426man
100 1 _aPeralta Felipe
_967253
245 1 0 _aManual del MS-DOS :
_bMICRO-Soft Disk /
_cFelipe Peralta.
246 1 3 _b
250 _a2a. ed.
260 _aSanto Domingo :
_bCENTU,
_c1996
300 _a130 p. ;
_c21 cm.
590 _aInventariado, 2020/VM
650 7 _2Lemb
_aWindows (Sistema operacional para computador)
_vManuales
_976849
650 7 _2Lemb
_aWindows (Programa para computador)
_vManuales
_976850
942 _2ddc
_cLF1
956 _aVMateo
999 _c48863
_d48863